Návrh krajinno-inžinierskych opatrení v povodí rieky Myjava

Salvato in:
Dettagli Bibliografici
Autore principale: Labat, Marija Mihaela (Autore)
Altri autori: Hlavčová, Kamila (Relatore della tesi)
Natura: Manoscritto Libro
Lingua:slovacco
Pubblicazione: 2017
Soggetti:
Accesso online:http://is.stuba.sk/zp/portal_zp.pl?podrobnosti=128801
https://opac.crzp.sk/?fn=detailBiblioForm&sid=E7FF18FD4FFD5019DFF2EA3CC38C
Tags: Aggiungi Tag
Nessun Tag, puoi essere il primo ad aggiungerne!!

MARC

LEADER 00000ntm a22000003a 4500
001 stuzp63602
003 SK-STU
005 20230815112656.8
007 ta
008 150427s2015----xo-----f-mn---000-0-slo-d
040 |a STU  |b slo 
041 0 |a slo 
100 1 |a Labat, Marija Mihaela  |u 010160  |4 aut  |U SvF Stavebná fakulta  |T SvF Katedra vodného hospodárstva krajiny  |X 70605  |U V160  |Y 16  |7 70605 
242 0 1 |a Design of landscape engineering measures for a river basin Myjava  |y eng 
245 1 0 |a Návrh krajinno-inžinierskych opatrení v povodí rieky Myjava 
260 |c 2017 
650 4 |a USLE  |2 slo 
650 4 |a metóda CN  |2 slo 
650 4 |a protierózne opatrenia  |2 slo 
650 4 |a erózia pôdy  |2 slo 
650 4 |a vodná erózia  |2 slo 
650 4 |a soil erosion  |2 eng 
650 4 |a erosion control  |2 eng 
650 4 |a water erosion  |2 eng 
650 4 |a USLE  |2 eng 
650 4 |a CN method  |2 eng 
700 1 |a Hlavčová, Kamila  |u 010160  |k Z1  |4 ths  |U SvF Stavebná fakulta  |T SvF Katedra vodného hospodárstva krajiny  |X 905  |U V160  |Y 16  |7 A000000905 
856 4 |u http://is.stuba.sk/zp/portal_zp.pl?podrobnosti=128801 
856 4 |u https://opac.crzp.sk/?fn=detailBiblioForm&sid=E7FF18FD4FFD5019DFF2EA3CC38C